[Event "European Women's Championship"]
[Site "Vysoke Tatry"]
[Date "2018.04.16"]
[Round "8"]
[White "Kejzar, Petra"]
[Black "Chan, Naruna"]
[Result "1-0"]
[Board "68"]
[WhiteElo "2071"]
[WhiteCountry "SLO"]
[WhiteFideId "14610213"]
[WhiteEloChange "6"]
[BlackElo "1909"]
[BlackCountry "RUS"]
[BlackFideId "24124290"]
[BlackEloChange "-6"]

1. d4 {[%clk 1:30:57]} d5 {[%clk 1:30:55]} 2. Bf4 {[%clk 1:31:19]} Nf6 {[%clk
1:31:12]} 3. e3 {[%clk 1:31:38]} c5 {[%clk 1:27:51]} 4. c3 {[%clk 1:31:57]} Qb6
{[%clk 1:25:01]} 5. Qb3 {[%clk 1:30:31]} e6 {[%clk 1:09:29]} 6. Nf3 {[%clk
1:30:19]} Be7 {[%clk 1:07:05]} 7. Nbd2 {[%clk 1:27:41]} O-O {[%clk 1:06:50]} 8.
Be2 {[%clk 1:26:35]} Nbd7 {[%clk 1:03:14]} 9. h3 {[%clk 1:25:44]} Qa5 {[%clk
0:52:02]} 10. O-O {[%clk 1:24:49]} cxd4 {[%clk 0:46:27]} 11. cxd4 {[%clk
1:23:30]} Ne4 {[%clk 0:42:11]} 12. Qc2 {[%clk 1:18:45]} Nxd2 {[%clk 0:40:59]} 13.
Nxd2 {[%clk 1:19:01]} Qd8 {[%clk 0:36:55]} 14. Rac1 {[%clk 1:12:34]} Bb4 {[%clk
0:33:39]} 15. Bd3 {[%clk 1:10:20]} h6 {[%clk 0:27:36]} 16. a3 {[%clk 1:10:05]}
Bxd2 {[%clk 0:26:21]} 17. Qxd2 {[%clk 1:10:34]} Re8 {[%clk 0:24:43]} 18. Bb1
{[%clk 1:08:31]} f5 {[%clk 0:22:03]} 19. f3 {[%clk 1:07:39]} Nb6 {[%clk 0:21:31]}
20. Bd3 {[%clk 1:04:27]} Bd7 {[%clk 0:21:40]} 21. Bc7 {[%clk 1:02:47]} Qf6 {[%clk
0:18:54]} 22. Be5 {[%clk 1:02:56]} Qd8 {[%clk 0:16:04]} 23. Rc7 {[%clk 1:00:35]}
Re7 {[%clk 0:13:53]} 24. Qb4 {[%clk 0:53:33]} Rf7 {[%clk 0:13:25]} 25. Rxb7
{[%clk 0:51:14]} Bc6 {[%clk 0:13:02]} 26. Rxf7 {[%clk 0:51:35]} Kxf7 {[%clk
0:13:30]} 27. Rc1 {[%clk 0:50:49]} Rc8 {[%clk 0:13:37]} 28. Ba6 {[%clk 0:50:58]}
Bb7 {[%clk 0:13:24]} 29. Rxc8 {[%clk 0:50:51]} Qxc8 {[%clk 0:11:38]} 30. Bxb7
{[%clk 0:51:00]} Qxb7 {[%clk 0:12:07]} 31. b3 {[%clk 0:50:51]} Qd7 {[%clk
0:07:46]} 32. Qd6 {[%clk 0:47:57]} Qxd6 {[%clk 0:07:45]} 33. Bxd6 {[%clk
0:48:25]} Ke8 {[%clk 0:02:14]} 34. Bc5 {[%clk 0:48:35]} Nc8 {[%clk 0:02:42]} 35.
Kf2 {[%clk 0:48:57]} g6 {[%clk 0:01:34]} 36. g4 {[%clk 0:49:03]} Kf7 {[%clk
0:00:44]} 37. gxf5 {[%clk 0:48:25]} exf5 {[%clk 0:01:01]} 38. e4 {[%clk 0:48:24]}
Ke6 {[%clk 0:00:40]} 39. e5 {[%clk 0:47:09]} g5 {[%clk 0:01:01]} 40. Bf8 {[%clk
1:13:24]} h5 {[%clk 0:31:22]} 41. Bh6 {[%clk 1:13:37]} Ne7 {[%clk 0:29:07]} 42.
Bxg5 {[%clk 1:12:34]} Nc6 {[%clk 0:29:36]} 43. Ke3 {[%clk 1:10:49]} Na5 {[%clk
0:27:51]} 44. Kd3 {[%clk 1:10:45]} Kd7 {[%clk 0:23:54]} 45. Bd2 {[%clk 1:10:38]}
Nxb3 {[%clk 0:23:31]} 46. Bc3 {[%clk 1:09:31]} a5 {[%clk 0:21:58]} 47. a4 {[%clk
1:09:33]} Nc1+ {[%clk 0:21:57]} 48. Kd2 {[%clk 1:09:32]} 1-0

[Event "European Women's Championship"]
[Site "Vysoke Tatry"]
[Date "2018.04.16"]
[Round "8"]
[White "Froewis, Annika"]
[Black "Ferkova, Dominika"]
[Result "0-1"]
[Board "69"]
[WhiteElo "2113"]
[WhiteTitle "WFM"]
[WhiteCountry "AUT"]
[WhiteFideId "1621432"]
[WhiteEloChange "-11"]
[BlackElo "2068"]
[BlackCountry "SVK"]
[BlackFideId "14933071"]
[BlackEloChange "11"]

1. e4 {[%clk 1:30:58]} c6 {[%clk 1:30:55]} 2. d4 {[%clk 1:31:24]} d5 {[%clk
1:31:21]} 3. Nc3 {[%clk 1:31:49]} dxe4 {[%clk 1:31:47]} 4. Nxe4 {[%clk 1:32:12]}
Bf5 {[%clk 1:32:12]} 5. Ng3 {[%clk 1:32:35]} Bg6 {[%clk 1:32:36]} 6. h4 {[%clk
1:32:59]} h6 {[%clk 1:33:00]} 7. Nf3 {[%clk 1:33:22]} Nd7 {[%clk 1:33:22]} 8. Bd3
{[%clk 1:33:47]} Bxd3 {[%clk 1:33:34]} 9. Qxd3 {[%clk 1:34:07]} e6 {[%clk
1:33:43]} 10. Bd2 {[%clk 1:34:06]} Ngf6 {[%clk 1:33:32]} 11. O-O-O {[%clk
1:34:18]} Be7 {[%clk 1:33:38]} 12. Qe2 {[%clk 1:34:14]} O-O {[%clk 1:32:36]} 13.
Nf1 {[%clk 1:33:14]} c5 {[%clk 1:32:29]} 14. g4 {[%clk 1:33:11]} cxd4 {[%clk
1:31:28]} 15. g5 {[%clk 1:33:14]} Nd5 {[%clk 1:31:03]} 16. Nxd4 {[%clk 1:33:20]}
Qb6 {[%clk 1:29:05]} 17. Nb3 {[%clk 1:32:46]} Rfc8 {[%clk 1:08:18]} 18. Kb1
{[%clk 1:22:06]} a5 {[%clk 0:40:07]} 19. Ne3 {[%clk 1:19:31]} a4 {[%clk 0:31:33]}
20. Nxd5 {[%clk 1:15:22]} exd5 {[%clk 0:31:54]} 21. Be3 {[%clk 0:58:08]} Qc7
{[%clk 0:25:53]} 22. Nd4 {[%clk 0:52:52]} a3 {[%clk 0:23:28]} 23. Nf5 {[%clk
0:41:11]} Qe5 {[%clk 0:20:02]} 24. Nxe7+ {[%clk 0:40:40]} Qxe7 {[%clk 0:19:39]}
25. Rxd5 {[%clk 0:27:40]} axb2 {[%clk 0:15:42]} 26. Qd3 {[%clk 0:26:11]} Ne5
{[%clk 0:14:17]} 27. Qb5 {[%clk 0:13:41]} Nc4 {[%clk 0:13:13]} 28. Bc5 {[%clk
0:13:14]} Qe4 {[%clk 0:12:16]} 29. Rhd1 {[%clk 0:05:09]} Na3+ {[%clk 0:12:03]}
0-1

[Event "European Women's Championship"]
[Site "Vysoke Tatry"]
[Date "2018.04.16"]
[Round "8"]
[White "Trisha Kanyamarala"]
[Black "Makka, Ioulia"]
[Result "0-1"]
[Board "70"]
[WhiteElo "2031"]
[WhiteCountry "IRL"]
[WhiteFideId "45004722"]
[WhiteEloChange "-9"]
[BlackElo "2076"]
[BlackTitle "WIM"]
[BlackCountry "GRE"]
[BlackFideId "4205316"]
[BlackEloChange "9"]

1. Nf3 {[%clk 1:30:49]} Nf6 {[%clk 1:30:50]} 2. c4 {[%clk 1:31:07]} e6 {[%clk
1:31:11]} 3. g3 {[%clk 1:30:32]} a6 {[%clk 1:30:29]} 4. Bg2 {[%clk 1:27:51]} b5
{[%clk 1:29:31]} 5. Nd4 {[%clk 1:14:02]} c6 {[%clk 1:27:02]} 6. cxb5 {[%clk
1:13:05]} axb5 {[%clk 1:26:56]} 7. Nxb5 {[%clk 0:50:52]} cxb5 {[%clk 1:26:44]} 8.
Bxa8 {[%clk 0:51:14]} d5 {[%clk 1:26:18]} 9. Qc2 {[%clk 0:49:08]} Bd7 {[%clk
1:18:33]} 10. a4 {[%clk 0:46:33]} Qa5 {[%clk 1:12:32]} 11. Bb7 {[%clk 0:46:04]}
b4 {[%clk 1:06:38]} 12. b3 {[%clk 0:41:57]} Bc5 {[%clk 0:41:31]} 13. Bc8 {[%clk
0:36:27]} Bc6 {[%clk 0:38:32]} 14. Ba6 {[%clk 0:36:29]} Bd4 {[%clk 0:32:44]} 15.
Bb5 {[%clk 0:28:30]} Bxb5 {[%clk 0:30:28]} 16. Qc8+ {[%clk 0:28:40]} Qd8 {[%clk
0:30:11]} 17. Qxd8+ {[%clk 0:28:41]} Kxd8 {[%clk 0:30:38]} 18. Ra2 {[%clk
0:29:00]} Ba6 {[%clk 0:29:32]} 19. d3 {[%clk 0:24:12]} Nc6 {[%clk 0:27:44]} 20.
Bd2 {[%clk 0:20:26]} Kd7 {[%clk 0:25:43]} 21. O-O {[%clk 0:19:03]} Rb8 {[%clk
0:25:04]} 22. a5 {[%clk 0:17:33]} Ba7 {[%clk 0:23:55]} 23. Rc1 {[%clk 0:14:52]}
Nd4 {[%clk 0:19:55]} 24. Bf4 {[%clk 0:14:47]} Rb7 {[%clk 0:17:49]} 25. Rb2 {[%clk
0:14:00]} Ne8 {[%clk 0:16:25]} 26. Kf1 {[%clk 0:11:15]} f6 {[%clk 0:15:18]} 27.
Nd2 {[%clk 0:08:12]} Nb5 {[%clk 0:12:53]} 28. Nb1 {[%clk 0:07:46]} d4 {[%clk
0:10:55]} 29. Ra2 {[%clk 0:04:23]} Nc3 {[%clk 0:10:04]} 30. Ra1 {[%clk 0:04:41]}
e5 {[%clk 0:09:51]} 31. Bd2 {[%clk 0:05:05]} Nd6 {[%clk 0:09:30]} 32. Ke1 {[%clk
0:04:52]} Ndb5 {[%clk 0:08:16]} 33. Bxc3 {[%clk 0:04:32]} dxc3 {[%clk 0:07:35]}
34. e3 {[%clk 0:04:28]} Nc7 {[%clk 0:07:19]} 35. f3 {[%clk 0:02:41]} Bxe3 {[%clk
0:06:33]} 36. Rc2 {[%clk 0:03:04]} Bxd3 {[%clk 0:05:29]} 37. Rg2 {[%clk 0:03:18]}
c2 {[%clk 0:04:32]} 38. Nd2 {[%clk 0:03:41]} Bd4 {[%clk 0:04:20]} 39. Rc1 {[%clk
0:04:00]} Bb2 {[%clk 0:04:17]} 0-1

[Event "European Women's Championship"]
[Site "Vysoke Tatry"]
[Date "2018.04.16"]
[Round "8"]
[White "Hereklioglu, Sude"]
[Black "Nadzamova, Viktoria"]
[Result "1-0"]
[Board "71"]
[WhiteElo "2123"]
[WhiteTitle "WFM"]
[WhiteCountry "TUR"]
[WhiteFideId "6359531"]
[WhiteEloChange "2"]
[BlackElo "1766"]
[BlackTitle "WCM"]
[BlackCountry "SVK"]
[BlackFideId "14943999"]
[BlackEloChange "-2"]

1. d4 {[%clk 1:30:57]} d5 {[%clk 1:30:53]} 2. Nf3 {[%clk 1:29:57]} Nf6 {[%clk
1:30:46]} 3. Bf4 {[%clk 1:28:49]} Bf5 {[%clk 1:29:22]} 4. e3 {[%clk 1:28:43]} e6
{[%clk 1:27:09]} 5. Be2 {[%clk 1:27:46]} h6 {[%clk 1:25:48]} 6. O-O {[%clk
1:27:35]} g5 {[%clk 1:23:43]} 7. Be5 {[%clk 1:26:08]} Nbd7 {[%clk 1:22:28]} 8. c4
{[%clk 1:24:14]} Nxe5 {[%clk 1:20:31]} 9. Nxe5 {[%clk 1:24:08]} Nd7 {[%clk
1:12:47]} 10. Nxd7 {[%clk 1:21:21]} Qxd7 {[%clk 1:12:53]} 11. Nc3 {[%clk
1:21:39]} O-O-O {[%clk 1:09:30]} 12. c5 {[%clk 1:19:42]} Bg6 {[%clk 1:09:30]} 13.
Rc1 {[%clk 1:16:03]} c6 {[%clk 1:03:38]} 14. b4 {[%clk 1:15:56]} f5 {[%clk
1:03:09]} 15. b5 {[%clk 1:15:29]} g4 {[%clk 0:58:33]} 16. bxc6 {[%clk 1:15:43]}
Qxc6 {[%clk 0:56:24]} 17. Bb5 {[%clk 1:14:53]} Qc7 {[%clk 0:56:15]} 18. c6 {[%clk
1:13:04]} bxc6 {[%clk 0:48:43]} 19. Bxc6 {[%clk 1:12:31]} Bb4 {[%clk 0:32:41]}
20. Qa4 {[%clk 1:02:06]} Bxc3 {[%clk 0:24:52]} 21. Qa6+ {[%clk 1:02:01]} Kb8
{[%clk 0:24:52]} 22. Rb1+ {[%clk 1:02:01]} 1-0

[Event "European Women's Championship"]
[Site "Vysoke Tatry"]
[Date "2018.04.16"]
[Round "8"]
[White "Koloditsova, Renata"]
[Black "Serakova, Tatana"]
[Result "1-0"]
[Board "72"]
[WhiteElo "1978"]
[WhiteCountry "SVK"]
[WhiteFideId "14927705"]
[WhiteEloChange "2"]
[BlackElo "1633"]
[BlackCountry "CZE"]
[BlackFideId "377856"]
[BlackEloChange "-2"]

1. e4 {[%clk 1:30:54]} c5 {[%clk 1:30:42]} 2. c3 {[%clk 1:31:18]} e6 {[%clk
1:30:52]} 3. d4 {[%clk 1:31:27]} cxd4 {[%clk 1:30:49]} 4. cxd4 {[%clk 1:31:50]}
a6 {[%clk 1:30:26]} 5. Nf3 {[%clk 1:31:04]} Qc7 {[%clk 1:29:14]} 6. Bd3 {[%clk
1:29:39]} Nc6 {[%clk 1:28:06]} 7. a3 {[%clk 1:25:50]} b5 {[%clk 1:26:08]} 8. O-O
{[%clk 1:23:33]} Bb7 {[%clk 1:25:19]} 9. Nc3 {[%clk 1:16:09]} Be7 {[%clk
1:17:22]} 10. Be3 {[%clk 1:12:16]} Rc8 {[%clk 1:12:31]} 11. Rc1 {[%clk 1:07:55]}
Qb8 {[%clk 1:09:52]} 12. b4 {[%clk 0:59:23]} h6 {[%clk 1:03:04]} 13. Nd2 {[%clk
0:52:53]} Bd8 {[%clk 0:44:40]} 14. Qh5 {[%clk 0:23:41]} Nf6 {[%clk 0:33:53]} 15.
Qh3 {[%clk 0:22:57]} Nh7 {[%clk 0:16:23]} 16. f4 {[%clk 0:14:27]} Bb6 {[%clk
0:15:04]} 17. d5 {[%clk 0:13:24]} Bxe3+ {[%clk 0:12:06]} 18. Qxe3 {[%clk
0:13:47]} Qa7 {[%clk 0:12:03]} 19. Qxa7 {[%clk 0:12:36]} Nxa7 {[%clk 0:12:25]}
20. d6 {[%clk 0:09:30]} Nc6 {[%clk 0:08:53]} 21. e5 {[%clk 0:07:37]} Nd4 {[%clk
0:08:09]} 22. Nce4 {[%clk 0:03:56]} Rxc1 {[%clk 0:04:13]} 23. Rxc1 {[%clk
0:04:21]} Nc6 {[%clk 0:03:33]} 24. Nc5 {[%clk 0:04:09]} Bc8 {[%clk 0:03:52]} 25.
Ndb3 {[%clk 0:03:08]} f5 {[%clk 0:03:41]} 26. Be2 {[%clk 0:02:27]} Kf7 {[%clk
0:02:08]} 27. Bf3 {[%clk 0:02:22]} Rd8 {[%clk 0:01:35]} 28. Bxc6 {[%clk 0:02:26]}
dxc6 {[%clk 0:01:50]} 29. Nd4 {[%clk 0:02:49]} Bd7 {[%clk 0:01:27]} 30. Nxd7
{[%clk 0:02:58]} Rxd7 {[%clk 0:01:33]} 31. Rxc6 {[%clk 0:03:24]} Nf8 {[%clk
0:01:07]} 32. Rxa6 {[%clk 0:03:42]} Rb7 {[%clk 0:00:58]} 33. Ra5 {[%clk 0:03:55]}
Nd7 {[%clk 0:00:34]} 34. Rxb5 {[%clk 0:03:28]} 1-0

[Event "European Women's Championship"]
[Site "Vysoke Tatry"]
[Date "2018.04.17"]
[Round "9"]
[White "Gunina, Valentina"]
[Black "Kulon, Klaudia"]
[Result "1-0"]
[Board "1"]
[WhiteElo "2507"]
[WhiteTitle "GM"]
[WhiteCountry "RUS"]
[WhiteFideId "4167570"]
[WhiteEloChange "3"]
[BlackElo "2319"]
[BlackTitle "WGM"]
[BlackCountry "POL"]
[BlackFideId "1131044"]
[BlackEloChange "-5"]

1. d4 {[%clk 1:30:54]} Nf6 {[%clk 1:30:56]} 2. c4 {[%clk 1:31:17]} g6 {[%clk
1:31:22]} 3. Nc3 {[%clk 1:31:33]} Bg7 {[%clk 1:31:48]} 4. e4 {[%clk 1:31:57]} d6
{[%clk 1:32:12]} 5. Nf3 {[%clk 1:32:21]} O-O {[%clk 1:32:37]} 6. Be2 {[%clk
1:32:46]} e5 {[%clk 1:33:02]} 7. O-O {[%clk 1:33:10]} exd4 {[%clk 1:33:20]} 8.
Nxd4 {[%clk 1:33:30]} Re8 {[%clk 1:33:47]} 9. f3 {[%clk 1:33:54]} c6 {[%clk
1:34:13]} 10. Kh1 {[%clk 1:34:16]} Nbd7 {[%clk 1:34:28]} 11. Bf4 {[%clk 1:34:09]}
Nh5 {[%clk 1:34:35]} 12. Bxd6 {[%clk 1:33:33]} Qf6 {[%clk 1:34:51]} 13. Nc2
{[%clk 1:27:44]} Nf4 {[%clk 1:34:54]} 14. Rf2 {[%clk 1:23:49]} Ne5 {[%clk
1:31:11]} 15. c5 {[%clk 1:16:09]} Nxe2 {[%clk 1:10:55]} 16. Qxe2 {[%clk 1:15:45]}
Qe6 {[%clk 1:10:53]} 17. Rd1 {[%clk 1:12:51]} f5 {[%clk 1:05:27]} 18. exf5 {[%clk
0:43:56]} gxf5 {[%clk 1:05:50]} 19. Qf1 {[%clk 0:44:21]} Qf7 {[%clk 0:59:14]} 20.
b3 {[%clk 0:43:54]} b6 {[%clk 0:52:30]} 21. Na4 {[%clk 0:36:44]} b5 {[%clk
0:44:58]} 22. Nb2 {[%clk 0:37:01]} a5 {[%clk 0:44:48]} 23. Nd3 {[%clk 0:30:40]}
Nxd3 {[%clk 0:40:01]} 24. Qxd3 {[%clk 0:31:08]} a4 {[%clk 0:40:23]} 25. h3 {[%clk
0:23:08]} axb3 {[%clk 0:37:50]} 26. axb3 {[%clk 0:23:37]} Be6 {[%clk 0:34:06]}
27. Rb1 {[%clk 0:22:34]} Qf6 {[%clk 0:31:25]} 28. Nb4 {[%clk 0:15:10]} Qh4 {[%clk
0:26:59]} 29. Qd2 {[%clk 0:14:11]} Bxb3 {[%clk 0:16:58]} 30. Rff1 {[%clk
0:06:53]} Bc4 {[%clk 0:14:08]} 31. Rfe1 {[%clk 0:07:22]} Rxe1+ {[%clk 0:14:32]}
32. Rxe1 {[%clk 0:07:51]} Rc8 {[%clk 0:14:30]} 33. Kh2 {[%clk 0:03:33]} h6 {[%clk
0:13:54]} 34. f4 {[%clk 0:03:34]} Bf7 {[%clk 0:11:48]} 35. Be7 {[%clk 0:03:40]}
Qh5 {[%clk 0:07:02]} 36. Qd7 {[%clk 0:04:08]} Re8 {[%clk 0:07:11]} 37. Nxc6
{[%clk 0:04:01]} Bc3 {[%clk 0:05:51]} 38. Re3 {[%clk 0:04:08]} b4 {[%clk
0:06:03]} 39. Nd8 {[%clk 0:03:09]} Bg7 {[%clk 0:02:21]} 40. c6 {[%clk 0:32:45]}
b3 {[%clk 0:32:41]} 41. c7 {[%clk 0:30:57]} b2 {[%clk 0:31:44]} 42. Re1 {[%clk
0:27:44]} Bc3 {[%clk 0:29:22]} 43. Rg1 {[%clk 0:27:30]} Bd4 {[%clk 0:26:08]} 44.
Qxd4 {[%clk 0:27:26]} 1-0

[Event "European Women's Championship"]
[Site "Vysoke Tatry"]
[Date "2018.04.17"]
[Round "9"]
[White "Stefanova, Antoaneta"]
[Black "Ushenina, Anna"]
[Result "1/2-1/2"]
[Board "2"]
[WhiteElo "2479"]
[WhiteTitle "GM"]
[WhiteCountry "FID"]
[WhiteFideId "2902257"]
[WhiteEloChange "-1"]
[BlackElo "2422"]
[BlackTitle "GM"]
[BlackCountry "UKR"]
[BlackFideId "14110911"]
[BlackEloChange "1"]

1. Nf3 {[%clk 1:30:51]} d5 {[%clk 1:30:40]} 2. c4 {[%clk 1:31:01]} e6 {[%clk
1:21:44]} 3. g3 {[%clk 1:26:51]} Nf6 {[%clk 1:21:19]} 4. Bg2 {[%clk 1:25:32]}
dxc4 {[%clk 1:19:02]} 5. Qa4+ {[%clk 1:14:20]} Nbd7 {[%clk 1:18:29]} 6. Qxc4
{[%clk 1:13:44]} a6 {[%clk 1:18:41]} 7. Qc2 {[%clk 1:08:12]} Rb8 {[%clk 1:07:57]}
8. a4 {[%clk 1:04:18]} b5 {[%clk 0:56:34]} 9. axb5 {[%clk 0:59:33]} axb5 {[%clk
0:56:48]} 10. Nd4 {[%clk 0:39:34]} Ne5 {[%clk 0:56:49]} 11. Nb3 {[%clk 0:37:32]}
Bb4 {[%clk 0:48:19]} 12. f4 {[%clk 0:24:48]} Nc4 {[%clk 0:45:54]} 13. O-O {[%clk
0:24:36]} Qd6 {[%clk 0:44:20]} 14. d3 {[%clk 0:18:03]} Qb6+ {[%clk 0:43:05]} 15.
e3 {[%clk 0:18:09]} Na5 {[%clk 0:40:33]} 16. Nxa5 {[%clk 0:13:50]} Bxa5 {[%clk
0:41:02]} 17. d4 {[%clk 0:12:39]} O-O {[%clk 0:41:00]} 18. Qb3 {[%clk 0:11:10]}
Nd5 {[%clk 0:36:01]} 19. Bxd5 {[%clk 0:08:44]} exd5 {[%clk 0:36:30]} 20. Qa3
{[%clk 0:09:06]} Bh3 {[%clk 0:36:54]} 21. Qxa5 {[%clk 0:08:46]} Qxa5 {[%clk
0:33:28]} 22. Rxa5 {[%clk 0:09:14]} Bxf1 {[%clk 0:33:53]} 23. Kxf1 {[%clk
0:09:41]} Ra8 {[%clk 0:34:16]} 24. Bd2 {[%clk 0:06:17]} Rxa5 {[%clk 0:34:17]} 25.
Bxa5 {[%clk 0:06:45]} Ra8 {[%clk 0:34:32]} 26. b4 {[%clk 0:07:02]} c6 {[%clk
0:31:19]} 27. g4 {[%clk 0:05:05]} f6 {[%clk 0:30:05]} 28. Nd2 {[%clk 0:05:18]}
Kf7 {[%clk 0:27:20]} 29. e4 {[%clk 0:04:25]} dxe4 {[%clk 0:26:09]} 30. Nxe4
{[%clk 0:04:51]} Ke6 {[%clk 0:26:12]} 31. Nc3 {[%clk 0:03:51]} f5 {[%clk
0:14:04]} 32. d5+ {[%clk 0:03:35]} Kd6 {[%clk 0:14:19]} 33. gxf5 {[%clk 0:01:27]}
Rf8 {[%clk 0:14:04]} 34. f6 {[%clk 0:01:53]} cxd5 {[%clk 0:10:52]} 35. Nxb5+
{[%clk 0:01:35]} Kd7 {[%clk 0:11:02]} 36. fxg7 {[%clk 0:00:53]} Rxf4+ {[%clk
0:11:28]} 37. Ke1 {[%clk 0:00:55]} Rg4 {[%clk 0:11:51]} 38. Nc7 {[%clk 0:00:46]}
Rxg7 {[%clk 0:11:56]} 39. Nxd5 {[%clk 0:00:48]} Rg2 {[%clk 0:10:43]} 40. h3
{[%clk 0:30:42]} Rg3 {[%clk 0:40:52]} 41. h4 {[%clk 0:21:41]} Rh3 {[%clk
0:38:34]} 42. Nf6+ {[%clk 0:04:15]} Ke6 {[%clk 0:31:51]} 43. Nxh7 {[%clk
0:04:34]} Rxh4 {[%clk 0:32:16]} 44. Nf8+ {[%clk 0:03:50]} Kd6 {[%clk 0:30:44]}
45. Kd2 {[%clk 0:02:35]} Kc6 {[%clk 0:28:09]} 46. Ne6 {[%clk 0:00:46]} Kb5 {[%clk
0:27:36]} 47. Nc7+ {[%clk 0:00:45]} Ka4 {[%clk 0:27:51]} 48. Na6 {[%clk 0:00:41]}
Kb5 {[%clk 0:28:12]} 49. Nc7+ {[%clk 0:01:06]} Ka4 {[%clk 0:28:37]} 50. Kc3
{[%clk 0:00:58]} Rxb4 {[%clk 0:28:57]} 51. Bxb4 {[%clk 0:00:58]} 1/2-1/2

[Event "European Women's Championship"]
[Site "Vysoke Tatry"]
[Date "2018.04.17"]
[Round "9"]
[White "Unuk, Laura"]
[Black "Paehtz, Elisabeth"]
[Result "0-1"]
[Board "3"]
[WhiteElo "2329"]
[WhiteTitle "WIM"]
[WhiteCountry "SLO"]
[WhiteFideId "14609215"]
[WhiteEloChange "-6"]
[BlackElo "2468"]
[BlackTitle "IM"]
[BlackCountry "GER"]
[BlackFideId "4641833"]
[BlackEloChange "3"]

1. d4 {[%clk 1:30:56]} d6 {[%clk 1:29:02]} 2. Nf3 {[%clk 1:31:10]} g6 {[%clk
1:29:26]} 3. c4 {[%clk 1:31:27]} Bg7 {[%clk 1:29:52]} 4. g3 {[%clk 1:31:40]} Nd7
{[%clk 1:30:17]} 5. Bg2 {[%clk 1:30:30]} e5 {[%clk 1:30:43]} 6. Nc3 {[%clk
1:30:46]} Ne7 {[%clk 1:31:01]} 7. h4 {[%clk 1:16:05]} h6 {[%clk 1:28:11]} 8. dxe5
{[%clk 1:01:32]} dxe5 {[%clk 1:27:04]} 9. e4 {[%clk 1:01:31]} Nc6 {[%clk
1:21:11]} 10. Be3 {[%clk 1:00:30]} O-O {[%clk 1:11:14]} 11. Qd2 {[%clk 0:53:30]}
Nb6 {[%clk 1:08:35]} 12. Bc5 {[%clk 0:37:04]} Nxc4 {[%clk 0:59:38]} 13. Qe2
{[%clk 0:36:59]} Nd6 {[%clk 1:00:04]} 14. O-O-O {[%clk 0:37:25]} Bg4 {[%clk
0:58:16]} 15. Bh3 {[%clk 0:30:26]} Nd4 {[%clk 0:54:59]} 16. Bxd4 {[%clk 0:30:14]}
Bxf3 {[%clk 0:54:55]} 17. Qxf3 {[%clk 0:30:26]} exd4 {[%clk 0:55:25]} 18. Nd5
{[%clk 0:28:53]} c6 {[%clk 0:53:27]} 19. Nf4 {[%clk 0:29:05]} Re8 {[%clk
0:50:44]} 20. Rhe1 {[%clk 0:29:22]} Qa5 {[%clk 0:50:36]} 21. Kb1 {[%clk 0:24:11]}
Nc4 {[%clk 0:48:25]} 22. Qe2 {[%clk 0:19:37]} Nd6 {[%clk 0:41:53]} 23. f3 {[%clk
0:18:05]} Rad8 {[%clk 0:41:24]} 24. h5 {[%clk 0:16:46]} g5 {[%clk 0:39:58]} 25.
Nd3 {[%clk 0:14:07]} c5 {[%clk 0:39:02]} 26. Nf2 {[%clk 0:13:40]} c4 {[%clk
0:34:18]} 27. f4 {[%clk 0:12:47]} d3 {[%clk 0:34:02]} 28. Qd2 {[%clk 0:11:52]} c3
{[%clk 0:27:37]} 29. Qxd3 {[%clk 0:11:40]} Qb6 {[%clk 0:20:39]} 30. Qe2 {[%clk
0:06:29]} Nc4 {[%clk 0:20:23]} 31. b3 {[%clk 0:04:39]} c2+ {[%clk 0:20:48]} 32.
Kxc2 {[%clk 0:04:36]} Na3+ {[%clk 0:21:10]} 0-1